000
00280 a2200121 4500
001
63477
082
_a
621.38173 SED
090
_c
37513
_d
37513
245
_a
Microelectronic circuits
250
_a
4
260
_a
N Y
_b
Prentic-Hall
_c
1998
300
_a
xiii, 1237p.
_b
with CD
942
_a
NUST-CAE
_k
621.38173 SED
999
_c
298550
_d
298550